Trigonometria
Descripción Física:
63 p., [4] p. ; 22'5 cm
Colección:
Text núm. 15
Otros Autores:
Catalunya. Extensió d'Ensenyament Tècnic
Materias:
Trigonometria
MARC
| LEADER | 00000nam a2200000Ia 4500 | ||
|---|---|---|---|
| 001 | 9429 | ||
| 008 | 160829s9999 xx 000 0 cat d | ||
| 080 | |a C-1-465 | ||
| 245 | |a Trigonometria | ||
| 260 | |a Barcelona : |b Mancomunitat de Catalunya, Extensió d' Ensenyament Tècnic, [s.a.] | ||
| 300 | |a 63 p., [4] p. ; |c 22'5 cm | ||
| 490 | |a Text núm. 15 | ||
| 650 | |a Trigonometria |9 20010 | ||
| 700 | |a Catalunya. Extensió d'Ensenyament Tècnic |9 20004 | ||
| 710 | 2 | |a Catalunya. |b Mancomunitat |9 53015 | |
| 901 | |a Arxiu | ||
| 942 | |n 1 | ||
| 952 | |0 0 |1 0 |4 0 |6 C1465 |7 1 |9 41405 |a Arxiu |b Arxiu |d 2016-12-01 |l 0 |o C-1-465 |p 9429 |r 2016-12-01 00:00:00 |w 2016-12-01 |y ARXIU | ||
| 999 | |c 43212 |d 43212 | ||